000 00545nmm a2200181Ia 4500
008 251105s9999||||xx |||||||||||||||||und||
020 _a8484295532
041 _aspa
100 _aCastón Farrero, José M.
245 0 _aLa empresa de servicios y la teoría de colas
264 _a[Madrid, España] :
_bUOC Papers,
_c2002
300 _a48 páginas
650 _aEconomics and Business
700 _aCastón Farrero, José M.
700 1 _a Guitart Tarrés, Laura
856 _uhttps://public.digitaliapublishing.com/a/5716
942 _cCF
999 _c63800
_d63800